Pokemon qui tape le plus fort en attaque spe - Statistiques

Statistiques générales
  • Ce quiz a été pris 134 fois
    18 depuis la dernière actualisation
  • Le résultat moyen est 108 sur 277
Statistiques - réponses
Hint Réponse % Correct
100 mew
100%
154 mewtwo
100%
150 dialga
89%
180 mega rayquaza
89%
150 palkia
89%
150 rayquaza
89%
120 arceus
78%
100 celebi
78%
110 drattak
78%
100 giratina alternative
78%
120 giratina origine
78%
100 groudon
78%
110 ho-oh
78%
150 kyogre
78%
154 mega mewtwo x
78%
194 mega mewtwo y
78%
180 primo kyogre
78%
131 xerneas
78%
131 yveltal
78%
135 alakazam
67%
103 amphinobi
67%
125 artikodin de galar
67%
125 boreas
67%
110 boreas totemique
67%
137 cancrelove
67%
125 crefadet
67%
105 crefollet
67%
150 deoxys
67%
180 deoxys attack
67%
110 dracaufeu
67%
125 electhor
67%
125 fulguris
67%
145 fulguris totemique
67%
125 gardevoir
67%
120 genesect
67%
130 heatran
67%
100 jirachi
67%
137 lunala
67%
125 maganon
67%
100 manaphy
67%
175 mega alakazam
67%
120 mega carchacrok
67%
165 mega gardevoir
67%
145 mega jungko
67%
135 miraidon
67%
150 primo groudon
67%
100 regice
67%
153 sachanobi
67%
100 shaymin
67%
120 shaymin celeste
67%
113 solgaleo
67%
125 sulfura
67%
100 sulfura de galar
67%
125 trioxhydre
67%
100 victini
67%
105 abra
56%
107 bamboiselle
56%
173 cablifere
56%
135 darkrai
56%
115 demeteros
56%
105 demeteros totemique
56%
100 diancie
56%
100 dracolosse
56%
130 ectoplasma
56%
145 ethernatus
56%
100 fantominus
56%
130 givrali
56%
114 goupelin
56%
170 hoopa dechainee
56%
150 hoopa enchainee
56%
120 kadabra
56%
129 keldeo
56%
100 lanssorien
56%
110 latias
56%
130 latios
56%
115 lucario
56%
130 mega brasegali
56%
140 mega demolosse
56%
159 mega dracaufeu Y
56%
120 mega drattak
56%
170 mega ectoplasma
56%
140 mega lucario
56%
128 meloetta
56%
130 mentali
56%
110 muplodocus
56%
127 necrozma
56%
157 necrozma aurore
56%
113 necrozma couchant
56%
167 necrozma ultra
56%
110 nymphali
56%
115 raikou
56%
150 reshiram
56%
115 spectrum
56%
165 sylveroy spectre
56%
125 symbios
56%
109 typhlosion
56%
119 typhlosion de hisui
56%
130 volcanion
56%
110 voltali
56%
135 yuyu
56%
120 zekrom
56%
127 zeroid
56%
110 aquali
44%
100 archeduc
44%
110 brasegali
44%
105 camerupt
44%
140 darumacho zen
44%
110 demolosse
44%
105 elecsprint
44%
100 florizarre
44%
120 gamblast
44%
105 jungko
44%
130 kyurem
44%
170 kyurem blanc
44%
120 kyurem noir
44%
125 lezargus
44%
115 mega absol
44%
145 mega camerupt
44%
130 mega dracaufeu x
44%
135 mega elecsprint
44%
122 mega florizarre
44%
140 méga momartik
44%
120 mega oniglali
44%
135 mega tortank
44%
216 méga zygarde
44%
105 motisma chaleur
44%
105 motisma froid
44%
105 motisma helice
44%
105 motisma laveuse
44%
105 motisma tonte
44%
151 pierroteknik
44%
111 pingoleon
44%
105 porygon 2
44%
135 porygon z
44%
100 regidrago
44%
100 regieleki
44%
100 roigada
44%
110 roigada de galar
44%
110 bouldeneu
33%
108 clamiral
33%
108 clamiral de hisui
33%
140 exagide
33%
100 flagadoss
33%
100 flagadoss de galar
33%
110 flamigator
33%
130 floreclat
33%
110 fragilady
33%
145 lucanon
33%
130 magearna
33%
130 magnezone
33%
110 mega altaria
33%
133 méga amphinobi
33%
132 mega blizzaroi
33%
141 méga carchacrokZ
33%
145 méga dracolosse
33%
105 méga glaivodo
33%
159 méga goupelin
33%
140 mega latias
33%
160 mega latios
33%
164 méga lucario Z
33%
105 mega metalosse
33%
160 méga raichu Y
33%
100 milobellus
33%
100 m.mime
33%
126 oratoria
33%
135 pyrax
33%
100 roitiflam
33%
104 simiabraz
33%
122 têtes-de-fer
33%
102 zeraora
33%
100 arcanin
22%
125 carmadura
22%
101 cleopsytra
22%
103 cryptero
22%
135 draieul
22%
100 ekaiser
22%
110 farigiraf
22%
112 florges
22%
135 flotte-mèche
22%
140 froussardine banc
22%
120 garde-de-fer
22%
105 germéclat
22%
133 gromago
22%
124 hotte-de-fer
22%
115 lippoutou
22%
145 lugulabre
22%
100 magmar
22%
127 mandrillon
22%
165 méga darkrai
22%
160 mega diancie
22%
160 méga draieul
22%
130 mega flagadoss
22%
150 méga floreclat
22%
175 méga heatran
22%
132 méga kravarech
22%
175 méga lugulabre
22%
143 méga meganium
22%
135 méga nigirigon
22%
135 méga ohmassacre
22%
110 méga roitiflam
22%
135 mega roucarnage
22%
138 méga scovilain
22%
110 mega sharpedo
22%
130 méga staross
22%
125 meios
22%
110 m.glaquette
22%
140 mite-de-fer
22%
107 mushana
22%
125 neitram
22%
109 nemelios
22%
120 nigirigon
22%
105 nucleos
22%
105 ohmassacre
22%
115 pharamp
22%
134 polthegeist
22%
114 rosabyss
22%
125 roserade
22%
110 sorbouboul
22%
145 spectreval
22%
100 staross
22%
120 togekiss
22%
130 tokopiyon
22%
112 aeropteryx
11%
135 amovénus
11%
135 amovénus totemique
11%
103 ampibidou
11%
125 beldeneige
11%
145 corayome
11%
105 corboss
11%
100 dratatin
11%
120 duralugon
11%
105 fulgulairo
11%
109 iguolta
11%
100 limaspeed
11%
105 magireve
11%
120 magneton
11%
135 méga empiflor
11%
135 méga eoko
11%
155 méga floette
11%
170 méga magearna
11%
135 méga melodelfe
11%
143 méga mistigrix
11%
129 méga nemelios
11%
165 mega pharamp
11%
147 méga zeraora
11%
125 noadkoko
11%
125 noadkoko d'alola
11%
100 paragruel femêlle
11%
121 pelage-sablé
11%
110 rafflesia
11%
108 scovilain
11%
106 superdofin heros
11%
100 trepassable
11%
116 yanmega
11%
120 zoroark
11%
105 aflamanoir
0%
115 amonistar
0%
125 arboliva
0%
115 berasca
0%
115 cacturne
0%
105 cerbyllin
0%
100 charmillon
0%
110 charmilly
0%
100 empiflor
0%
112 gueriaigle de hisui
0%
105 heliatronc
0%
111 malamandre
0%
106 maracachi
0%
100 maskadra
0%
100 meteno
0%
105 octillery
0%
100 roselia
0%
114 salarsen
0%
100 saquedeneu
0%
100 seviper
0%
136 sorcilence
0%
105 wimessir
0%
Aucun quiz correspondant
Distribution des résultats
% des personnes avec chaque résultat
Percentile par nombre de réponses
Votre historique - résultats
Vous n’avez pas pris ce quiz depuis la dernière actualisation